| 000 | 00000nam##2200000za#4500 |
| 001 | 9.557682 |
| 003 | CaOODSP |
| 005 | 20210624172018 |
| 007 | cr ||||||||||| |
| 008 | 150406|2001||||xxc|||||o f|0| 0 eng|d |
| 040 | |aCaOODSP|beng |
| 043 | |an-cn--- |
| 086 | 1 |aNH18-22/95-202E-IN |
| 110 | 2 |aCanada Mortgage and Housing Corporation. |
| 245 | 14|aThe effects of glass doors on masonry fireplace spillage and surface temperatures |h[electronic resource] |
| 260 | |aOttawa - Ontario : |bCanada Mortgage and Housing Corporation |
| 300 | |a4p. (59 KB) |
| 490 | 1 |aResearch and development highlights; technical series |v95-202 |
| 590 | |a01-12|b2001-03-23 |
| 690 | 07|aHeating|2gcpds |
| 690 | 07|aHousing|2gcpds |
| 690 | 07|aConstruction materials|2gcpds |
| 775 | 08|tEffets de portes vitrées sur les émanations et les températures de surface d'un foyer en maçonnerie / |w(CaOODSP)9.607640 |
| 830 | #0|aResearch and development highlights; technical series ;|v95-202|w(CaOODSP)9.504481 |
| 856 | 40|ahttp://publications.gc.ca|qPDF|s59 KB|uhttps://publications.gc.ca/collections/Collection/NH18-22-95-202E.pdf|y95-202 |